000 00801nam a2200205 4500
008 070628s1999 cc 000 0 chi d
020 _a7561907427 (v. 1) :RMB10/9
020 _a7561907435 (v. 2) :RMB12/10.80
020 _a7561907443 (v. 3) :RMB11/9.90
090 _aPL1128
_bIn8
245 0 0 _a[Intermediate Chinese listening] {ch}/
_czhu bian Li Mingqi.
260 _aBeijing :
_bBeijing yu yan wen hua da xue chu ban she,
_c1999.
300 _a3 v. ;
_c26 cm.
490 1 _aHan yu ting li xi lie jiao ta°si.
650 4 _aChinese language
_xStudy and teaching
_xForeign speakers {ch}.
650 4 _aChinese language
_xTextbooks for foreign speakers {ch}.
700 1 _aLi, Mingqi.
951 _pC-8539
_x00034974
_oSP-C CHPL1128/In8/v.II
_j070628171919718
_d2000-12-21
_cSP-C CH
999 _c29505
_d29505